000 00536nam a2200181Ia 4500
008 230917s9999||||xx |||||||||||||| ||und||
020 _cRS520
040 _e257382
_aMAIN
041 _aEnglish
082 _a346.03 P212L(4)
100 _aParanjape, N V
245 0 _aLaw of torts: Consumer protection law and compensation under other statutory laws
250 _a4th ed.
260 _aAllahabad
_bCentral Law Agency
_c2019
300 _alxviii, 687 p.
500 _a3582 13/08/2019 HBD19/7970 19/10/2019 Main Budget
942 _cBK
999 _c32450
_d32450